000 00656cab a2200241 4500
001 X2879
008 090401t1995 xxu||||| |||| 00| 0 eng d
035 _a(Sirsi) u27022
041 _aeng
100 _aSpring, M.
245 _aRiotous assembly
260 _c1995
350 _a0
490 _aBuilding
_vCCLX(49) 8 December 1995, 36-41(6)
650 _aBUILT ENVIRONMENT-CONSTRUCTION DESIGN
650 _aHOSPITAL CONVERSION
650 _aJUDGE INSTITUTE OF MANAGEMENT STUDIES
650 _aMODERN ARCHITECTURE
650 _aUNIVERSITY OF CAMBRIDGE
690 _aBUILT ENVIRONMENT-CONSTRUCTION DESIGN
942 _n0
948 _c04/03/1997
999 _c18201
_d18201